000 00566nam a2200217Ia 4500
005 20250326144148.0
008 250326s9999 xx 000 0 und d
020 _a0-7923-7324-3
037 _aTextbook
040 _aFMSL
_beng
_cFMSL
041 _aeng
_2eng
084 _aX:51 P1
_qFMSL
100 _aGuido G
_9749153
245 0 _aSalience of marketing stimuli
_cGuido G
260 _aLondon
_bLondon, Kluwer Academic
_c2001
300 _a296p
365 _b9080.5
650 _aMarketing
942 _cTB
_hX:51 P1
999 _c1302618
_d1302618